000 00281nam a2200109Ia 4500
008 200302s9999 xx 000 0 und d
100 _aIAN Colquhoun
245 _aUrban Regeneration An International Perspective
260 _bB. T. Batsford Ltd.
260 _c1995
300 _a176 P.,
999 _c5443
_d5443